000 00666nam a2200181Ia 4500
008 100921s9999 xx 000 0 und d
082 _b1733
_a891.462 थ 69
100 _aकालेलकर मधुसूदन.
245 _aपदरी पडलं पवित्र झालं.
260 _bरंजना प्रकाशन,मुंबई.
_c1969
300 _a112
_b---
365 _b4
520 _aललित-नाटके.
630 _aपदरी पडलं पवित्र झालं.
650 _aललित-नाटके.
730 _aपदरी पडलं पवित्र झालं.
942 _cBOOK
999 _c750846
_d750843